| 000 | 01007nam a2200253Ia 4500 | ||
|---|---|---|---|
| 003 | OSt | ||
| 005 | 20210415184419.0 | ||
| 008 | 210310s2004 ck a gr 000 0 spa d | ||
| 020 | _a9589262414 | ||
| 040 |
_aCO-JMCR _cCO-JMCR |
||
| 041 | 0 | _aspa | |
| 082 | 0 | 4 |
_a382.917 / _bP896p _223 |
| 100 | 1 |
_aPuyo Tamayo, Gustavo Adolfo, _eautor _925736 |
|
| 245 | 1 | 2 |
_aA propósito del ALCA : _bLas Claves Institucionales de la integración / _cGustavo Adolfo Puyo Tamayo. |
| 260 |
_aBogotá : _bPlataforma Colombiana de derechos humanos, democracia y desarrollo. _c2004. |
||
| 300 |
_b115 páginas : _ailustraciones a color ; _c17 cm. |
||
| 490 | 0 |
_aAlcatemas ; _v11. |
|
| 500 | _a0 | ||
| 505 | 0 | _aFormas de integración económica. -- Integración política. -- Integración social. -- El papel de las instituciones. -- ¿En donde estamos? | |
| 650 | 1 | 4 |
_aALCA. _xIntegración. _925738 |
| 650 | 2 | 4 |
_aLiberalización del intercambio. _92095 |
| 650 | 2 | 4 |
_aUnión económica y monetaria _936897 |
| 942 |
_2ddc _cBK |
||
| 999 |
_c11518 _d11518 |
||